| 000 | 00363nam a22001217a 4500 | ||
|---|---|---|---|
| 999 |
_c17613 _d17613 |
||
| 008 | 221114b ||||| |||| 00| 0 eng d | ||
| 100 |
_aCordova, Calvin. _946786 |
||
| 245 | _aMandaue blaze leaves 530 families homeless / | ||
| 260 |
_aPhilippines ; _bManila Bulletin, _cMarch 2, 2022. |
||
| 300 | _apage 9. | ||
| 650 |
_aDisaster relief. _946787 |
||
| 942 |
_2ddc _cPER |
||